00510nam a2200229Ia 4500008004000000041000800040082001200048100001600060245006400076260003900140650001300179650000800192650001100200650001000211650000900221650000700230650000700237650000600244650001300250650001100263650000600274210210b1905 xxu||||| |||| 00| 0 eng d aeng a516/125 aROUTH (E J) aTreatise on the dynamics of a system of rigid bodies Part I aLondonbMacmillan & Co. Ltd.c1905 aTreatise athe asystem arigid aPart aon aof aI adynamics abodies aa